[Event "Titled Tuesday intern op 26th Nov Late"]
[Site "Chess.com INT"]
[Date "2024.11.26"]
[Round "4"]
[White "Golubev, Mikhail"]
[Black "Cooklev, Steven"]
[Result "1-0"]
[WhiteElo "2461"]
[BlackElo "2014"]
[PlyCount "75"]
[EventDate "2024.11.26"]
[EventType "swiss (blitz)"]
[EventRounds "11"]
[EventCountry "USA"]
[SourceTitle "CB49_2024"]
[SourceDate "2024.12.04"]
[SourceVersion "1"]
[SourceVersionDate "2024.12.04"]
[SourceQuality "1"]

1. e4 c5 2. Ne2 Nc6 3. Nbc3 Nf6 4. d4 cxd4 5. Nxd4 d6 6. Bc4 Qb6 7. Ndb5 a6 8. Be3 Qa5 9. Nd4 Ng4 10. Nxc6 bxc6 11. Bd2 Qb6 12. 0-0 g6 13. Bb3 Bg7 14. h3 Ne5 15. Be3 Qc7 16. f4 Nd7 17. Kh1 0-0 18. Qf3 e5 19. f5 gxf5 20. Qxf5 Nc5 21. Qg5 Ne6 22. Bxe6 Bxe6 23. Rf6 d5 24. Raf1 d4 25. R1f3 h6 26. Rxh6 dxe3 27. Rhf6 Rfd8 28. Rg3 Kf8 29. Qxg7+ Ke7 30. Rxe6+ Kxe6 31. Rf3 Rf8 32. Qg4+ Kd6 33. Rxe3 Kc5 34. Rd3 Rad8 35. Qf3 Rxd3 36. Qxd3 Rd8 37. Qxa6 Kd6 38. Nb5+ 1-0

[Event "Titled Tuesday intern op 26th Nov Late"]
[Site "Chess.com INT"]
[Date "2024.11.26"]
[Round "3"]
[White "Rodriguez, Santiago"]
[Black "Golubev, Mikhail"]
[Result "1-0"]
[WhiteElo "2252"]
[BlackElo "2461"]
[PlyCount "69"]
[EventDate "2024.11.26"]
[EventType "swiss (blitz)"]
[EventRounds "11"]
[EventCountry "USA"]
[SourceTitle "CB49_2024"]
[SourceDate "2024.12.04"]
[SourceVersion "1"]
[SourceVersionDate "2024.12.04"]
[SourceQuality "1"]

1. d4 Nf6 2. Bg5 d5 3. Bxf6 gxf6 4. e3 c5 5. c4 cxd4 6. Qxd4 Nc6 7. Qxd5 Qxd5 8. cxd5 Nb4 9. Na3 Nxd5 10. Bb5+ Bd7 11. Bxd7+ Kxd7 12. 0-0-0 Kc6 13. Ne2 Nb4 14. Kb1 e5 15. Rc1+ Kb6 16. Rhd1 Nc6 17. Rd7 Bxa3 18. bxa3 Rhd8 19. Rxf7 Rd6 20. Nc3 Rad8 21. Na4+ Kb5 22. Nc5 Na5 23. Nxb7 Nxb7 24. Rxb7+ Ka6 25. Rb4 Rd2 26. Rc2 R8d7 27. Rc6+ Ka5 28. Rc5+ Ka6 29. Rc2 Rd1+ 30. Kb2 Rg1 31. g3 Rdd1 32. Kb3 Ka5 33. Rc5+ Ka6 34. Ka4 Rd2 35. Ra5# 1-0

[Event "Titled Tuesday intern op 24th Sep Early"]
[Site "Chess.com INT"]
[Date "2024.09.24"]
[Round "7"]
[White "Altynbek, Aiaru"]
[Black "Golubev, Mikhail"]
[Result "0-1"]
[WhiteElo "1990"]
[BlackElo "2461"]
[PlyCount "92"]
[EventDate "2024.09.24"]
[EventType "swiss (blitz)"]
[EventRounds "11"]
[EventCountry "USA"]
[SourceTitle "EXT 2025"]
[Source "ChessBase"]
[SourceDate "2024.10.14"]
[SourceVersion "1"]
[SourceVersionDate "2024.10.14"]
[SourceQuality "1"]

1. d4 Nf6 2. c4 d6 3. Nc3 g6 4. e4 Bg7 5. Be2 0-0 6. Be3 c5 7. d5 e6 8. g4 exd5 9. cxd5 Re8 10. f3 a6 11. a4 h5 12. g5 Nh7 13. h4 f5 14. gxf6 Bxf6 15. Qd2 Nd7 16. Kd1 Ne5 17. Nh3 Bd7 18. Nf4 b5 19. Rg1 Kf7 20. a5 b4 21. Na4 Bxa4+ 22. Rxa4 Qd7 23. b3 Nf8 24. Nd3 Nc4 25. Qc1 Nxe3+ 26. Qxe3 c4 27. Nf4 cxb3 28. Rxb4 Rab8 29. Rxb8 Rxb8 30. Bd3 b2 31. Bb1 Qa4+ 32. Ke2 Bd4 33. Qd3 Bxg1 34. e5 Qxf4 35. e6+ Ke7 36. Qxa6 Qe3+ 37. Kd1 Qd4+ 38. Ke2 Qe3+ 39. Kd1 Qc1+ 40. Ke2 Qxb1 41. Qc6 Kf6 42. Qc7 Ke5 43. Qg7+ Kxd5 44. Qc7 Qd1+ 45. Kxd1 b1Q+ 46. Ke2 Rb2+ 0-1

[Event "Titled Tuesday intern op 24th Sep Late"]
[Site "Chess.com INT"]
[Date "2024.09.24"]
[Round "3"]
[White "Golubev, Mikhail"]
[Black "Marcziter, Dmitrii"]
[Result "1-0"]
[WhiteElo "2461"]
[BlackElo "2220"]
[PlyCount "107"]
[EventDate "2024.09.24"]
[EventType "swiss (blitz)"]
[EventRounds "11"]
[EventCountry "USA"]
[SourceTitle "EXT 2025"]
[Source "ChessBase"]
[SourceDate "2024.10.14"]
[SourceVersion "1"]
[SourceVersionDate "2024.10.14"]
[SourceQuality "1"]

1. e4 c5 2. Nf3 e6 3. d4 cxd4 4. Nxd4 Nf6 5. Nc3 Nc6 6. Ndb5 Bb4 7. a3 Bxc3+ 8. Nxc3 d5 9. Bd3 dxe4 10. Nxe4 Nxe4 11. Bxe4 Qxd1+ 12. Kxd1 Ke7 13. Be3 Rd8+ 14. Kc1 Bd7 15. Re1 h6 16. b3 Rac8 17. Kb2 f6 18. Rad1 b6 19. f4 Kf7 20. g4 e5 21. f5 Ne7 22. c4 Bc6 23. Bc2 Bf3 24. Rxd8 Rxd8 25. h3 Bg2 26. h4 Bf3 27. g5 hxg5 28. hxg5 fxg5 29. Bxg5 Rh8 30. Rxe5 Nc6 31. Re3 Bh1 32. Kc3 Rh5 33. Rg3 Rh2 34. b4 Ne5 35. Bf4 Nf3 36. Bb3 Nh4 37. c5+ Kf6 38. Bg5+ Kxf5 39. Bc2+ Ke6 40. Bxh4 Rxh4 41. cxb6 axb6 42. Rg6+ Kd5 43. Rxb6 Rh3+ 44. Kb2 Rh2 45. Rb5+ Kd4 46. Rc5 Be4 47. a4 g5 48. a5 g4 49. a6 Rxc2+ 50. Rxc2 Bxc2 51. Kxc2 g3 52. a7 g2 53. a8Q g1Q 54. Qa7+ 1-0

[Event "Titled Tuesday intern op 24th Sep Early"]
[Site "Chess.com INT"]
[Date "2024.09.24"]
[Round "9"]
[White "Golubev, Mikhail"]
[Black "Tang, Terrence"]
[Result "1-0"]
[WhiteElo "2461"]
[BlackElo "2106"]
[PlyCount "63"]
[EventDate "2024.09.24"]
[EventType "swiss (blitz)"]
[EventRounds "11"]
[EventCountry "USA"]
[SourceTitle "EXT 2025"]
[Source "ChessBase"]
[SourceDate "2024.10.14"]
[SourceVersion "1"]
[SourceVersionDate "2024.10.14"]
[SourceQuality "1"]

1. e4 c5 2. Nf3 Nc6 3. Nc3 e6 4. d4 cxd4 5. Nxd4 Nf6 6. a3 a6 7. Nxc6 bxc6 8. e5 Nd5 9. Ne4 Qc7 10. f4 f5 11. Nd6+ Bxd6 12. exd6 Qb6 13. c4 Nf6 14. b4 c5 15. Be3 Ne4 16. Bd3 Qxd6 17. Bxe4 Qxd1+ 18. Rxd1 fxe4 19. Bxc5 Bb7 20. Rf1 d5 21. f5 Kd7 22. cxd5 Bxd5 23. f6 gxf6 24. Rxf6 Kc6 25. a4 Rad8 26. Rf7 a5 27. Rc1 axb4 28. Bxb4+ Kb6 29. Bc3 Ra8 30. Bxh8 Rxh8 31. Rb1+ Ka5 32. Ra7# 1-0

[Event "Titled Tuesday intern op 24th Sep Late"]
[Site "Chess.com INT"]
[Date "2024.09.24"]
[Round "2"]
[White "Ibarra Jerez, Jose Carlos"]
[Black "Golubev, Mikhail"]
[Result "1-0"]
[WhiteElo "2559"]
[BlackElo "2461"]
[PlyCount "179"]
[EventDate "2024.09.24"]
[EventType "swiss (blitz)"]
[EventRounds "11"]
[EventCountry "USA"]
[SourceTitle "EXT 2025"]
[Source "ChessBase"]
[SourceDate "2024.10.14"]
[SourceVersion "1"]
[SourceVersionDate "2024.10.14"]
[SourceQuality "1"]

1. e4 c5 2. Nf3 d6 3. d4 cxd4 4. Nxd4 Nf6 5. Nc3 g6 6. Be3 Bg7 7. f3 0-0 8. Qd2 Nc6 9. 0-0-0 d5 10. Kb1 Nxd4 11. e5 Nf5 12. exf6 Bxf6 13. Nxd5 Qxd5 14. Qxd5 Nxe3 15. Qd2 Nxd1 16. Qxd1 Be6 17. Bb5 Rfd8 18. Qe2 a6 19. Bd3 Rd6 20. Be4 Rad8 21. Bd3 Rb6 22. b3 a5 23. Rd1 Rbd6 24. Qe4 b5 25. a3 Rd4 26. Qc6 b4 27. Qb6 bxa3 28. Qxa5 a2+ 29. Qxa2 R4d7 30. Qa5 Rd5 31. Qa7 Bd4 32. Qa4 Bc3 33. b4 Rd4 34. Kc1 Bxb4 35. Qa7 Bc3 36. Be2 Rxd1+ 37. Bxd1 Bd5 38. Qc5 Bf6 39. Qa5 Rd6 40. Be2 e6 41. Bd3 Rc6 42. Be4 Bxe4 43. fxe4 Kg7 44. Qb5 Rc7 45. c4 Bd4 46. Kc2 e5 47. Qa4 Rc5 48. Kb3 Rc8 49. Qb5 Rc5 50. Qb7 Ra5 51. Kb4 Rc5 52. Qe7 Rc6 53. Kb5 Rc8 54. Qd7 Rc5+ 55. Kb4 h5 56. h3 Kg8 57. Qd8+ Kg7 58. Qe7 Rc6 59. Kb5 Rc8 60. Qd6 Kg8 61. g4 hxg4 62. hxg4 Kg7 63. g5 Kg8 64. Qe7 Kg7 65. Qf6+ Kg8 66. Qd6 Kg7 67. Kb4 Kg8 68. Kb3 Kg7 69. Qd5 Rc5 70. Qd7 Kg8 71. Qd8+ Kg7 72. Qf6+ Kg8 73. Qd6 Rc8 74. Qb4 Kg7 75. Kc2 Kg8 76. Kd3 Kg7 77. Qb7 Rc5 78. Qe7 Rc6 79. Qd7 Rc5 80. Qe8 Rc7 81. Qd8 Rc5 82. Qa8 Rc7 83. Qa4 Rc5 84. Kc2 Rc7 85. Kb3 Rb7+ 86. Kc2 Rc7 87. Qb5 Rc5 88. Qb4 Rc7 89. Kb3 Rc5 90. Qb7 1-0

[Event "Titled Tuesday intern op 17th Sep Late"]
[Site "Chess,com INT"]
[Date "2024.09.17"]
[Round "1"]
[White "Antunes, Luciano Justi"]
[Black "Golubev, Mikhail"]
[Result "0-1"]
[WhiteElo "2045"]
[BlackElo "2461"]
[PlyCount "70"]
[EventDate "2024.09.17"]
[EventType "swiss (blitz)"]
[EventRounds "11"]
[EventCountry "USA"]
[SourceTitle "EXT 2025"]
[Source "ChessBase"]
[SourceDate "2024.10.14"]
[SourceVersion "1"]
[SourceVersionDate "2024.10.14"]
[SourceQuality "1"]

1. e4 c5 2. Nc3 Nc6 3. Bb5 Nd4 4. Nf3 a6 5. Bd3 Nc6 6. 0-0 g6 7. a4 Bg7 8. Re1 d6 9. h3 e6 10. Ne2 Nge7 11. Ng3 0-0 12. Bf1 d5 13. d3 d4 14. Bg5 h6 15. Bxe7 Qxe7 16. Nd2 e5 17. Nc4 Qc7 18. a5 Rb8 19. Qd2 Be6 20. Nb6 Rbd8 21. Ne2 f5 22. exf5 gxf5 23. f4 e4 24. dxe4 fxe4 25. Ng3 e3 26. Qd3 Qxf4 27. Nh5 Qg5 28. Nxg7 Kxg7 29. Kh1 Ne5 30. Qe4 Rf7 31. Bc4 Nxc4 32. Nxc4 Bxc4 33. b4 Bd5 34. Qg4 Qxg4 35. hxg4 c4 0-1

[Event "Titled Tuesday intern op 17th Sep Early"]
[Site "Chess,com INT"]
[Date "2024.09.17"]
[Round "6"]
[White "Golubev, Mikhail"]
[Black "Karimova, Guldona"]
[Result "1-0"]
[WhiteElo "2461"]
[BlackElo "2115"]
[PlyCount "67"]
[EventDate "2024.09.17"]
[EventType "swiss (blitz)"]
[EventRounds "11"]
[EventCountry "USA"]
[SourceTitle "EXT 2025"]
[Source "ChessBase"]
[SourceDate "2024.10.14"]
[SourceVersion "1"]
[SourceVersionDate "2024.10.14"]
[SourceQuality "1"]

1. e4 c5 2. Nf3 e6 3. d4 cxd4 4. Nxd4 Nf6 5. Nc3 d6 6. Bc4 a6 7. 0-0 Be7 8. Bb3 0-0 9. f4 b5 10. e5 dxe5 11. fxe5 Bc5 12. Be3 Nfd7 13. Ne4 Bb7 14. Nxc5 Nxc5 15. Qg4 Kh8 16. Bg5 Qe8 17. Rae1 Nxb3 18. axb3 Nd7 19. Re3 Rg8 20. Rh3 Nf8 21. Rg3 Rc8 22. h4 Nd7 23. Qf4 Rf8 24. h5 Rc5 25. h6 g6 26. Bf6+ Kg8 27. Bg7 Qb8 28. Bxf8 Qxf8 29. Nxe6 fxe6 30. Qxf8+ Nxf8 31. Rg4 Rxe5 32. Rd4 Rf5 33. Rd8 Rxf1+ 34. Kxf1 1-0

[Event "Titled Tuesday intern op 17th Sep Late"]
[Site "Chess,com INT"]
[Date "2024.09.17"]
[Round "5"]
[White "Yagiz, Yasin Emrah"]
[Black "Golubev, Mikhail"]
[Result "0-1"]
[WhiteElo "2113"]
[BlackElo "2461"]
[PlyCount "86"]
[EventDate "2024.09.17"]
[EventType "swiss (blitz)"]
[EventRounds "11"]
[EventCountry "USA"]
[SourceTitle "EXT 2025"]
[Source "ChessBase"]
[SourceDate "2024.10.14"]
[SourceVersion "1"]
[SourceVersionDate "2024.10.14"]
[SourceQuality "1"]

1. Nf3 d6 2. c4 g6 3. d4 Bg7 4. g3 Nf6 5. Bg2 0-0 6. 0-0 c6 7. Nc3 Bf5 8. h3 Ne4 9. Ne1 Nxc3 10. bxc3 Be6 11. d5 cxd5 12. cxd5 Bd7 13. Bd2 Na6 14. Nd3 Rc8 15. Rb1 b6 16. Qb3 Nc5 17. Nxc5 Rxc5 18. Rfc1 Qc7 19. Rb2 Rc8 20. Rbc2 Rc4 21. Qa3 Bf5 22. Rb2 Bxc3 23. Bxc3 Rxc3 24. Rxc3 Qxc3 25. Qxc3 Rxc3 26. e4 Bd7 27. h4 Kg7 28. Bf1 Kf6 29. Bg2 b5 30. Kh2 a5 31. Bf1 b4 32. f4 Re3 33. Bg2 Bb5 34. Rc2 Rc3 35. Rf2 Bc4 36. e5+ Kg7 37. exd6 exd6 38. f5 gxf5 39. Rxf5 Bxa2 40. h5 h6 41. Rf4 b3 42. Rg4+ Kf8 43. Be4 Rc4 0-1

[Event "Titled Tuesday intern op 10th Sep Late"]
[Site "Chess,com INT"]
[Date "2024.09.10"]
[Round "4"]
[White "Alavkin, Arseny Nailievich"]
[Black "Golubev, Mikhail"]
[Result "1/2-1/2"]
[WhiteElo "2367"]
[BlackElo "2461"]
[PlyCount "57"]
[EventDate "2024.09.10"]
[EventType "swiss (blitz)"]
[EventRounds "11"]
[EventCountry "USA"]
[SourceTitle "EXT 2025"]
[Source "ChessBase"]
[SourceDate "2024.10.14"]
[SourceVersion "1"]
[SourceVersionDate "2024.10.14"]
[SourceQuality "1"]

1. d4 Nf6 2. c4 d6 3. Nc3 g6 4. Nf3 Bg7 5. Bg5 0-0 6. e3 c5 7. Be2 cxd4 8. exd4 h6 9. Bh4 Bf5 10. 0-0 Ne4 11. Nxe4 Bxe4 12. Rc1 Nc6 13. d5 Bxf3 14. Bxf3 Nd4 15. Be4 f5 16. Bb1 g5 17. Bg3 f4 18. Qd3 Rf5 19. Qd1 Rf7 20. Qd3 Be5 21. Qg6+ Rg7 22. Qxh6 fxg3 23. fxg3 Ne2+ 24. Kh1 Nxc1 25. Qe6+ Kh8 26. Qh6+ Kg8 27. Qe6+ Kh8 28. Qh3+ Kg8 29. Qe6+ 1/2-1/2

[Event "Titled Tuesday intern op 10th Sep Early"]
[Site "Chess,com INT"]
[Date "2024.09.10"]
[Round "6"]
[White "Alonso, Raphael VP Patricio"]
[Black "Golubev, Mikhail"]
[Result "0-1"]
[WhiteElo "2170"]
[BlackElo "2461"]
[PlyCount "140"]
[EventDate "2024.09.10"]
[EventType "swiss (blitz)"]
[EventRounds "11"]
[EventCountry "USA"]
[SourceTitle "EXT 2025"]
[Source "ChessBase"]
[SourceDate "2024.10.14"]
[SourceVersion "1"]
[SourceVersionDate "2024.10.14"]
[SourceQuality "1"]

1. d4 Nf6 2. c4 d6 3. Nc3 g6 4. Nf3 Bg7 5. g3 0-0 6. Bg2 Nbd7 7. 0-0 e5 8. e3 Re8 9. Re1 c6 10. b3 e4 11. Nd2 d5 12. Bb2 Nf8 13. f3 exf3 14. Nxf3 Bf5 15. cxd5 cxd5 16. Ne5 Ne4 17. Nxe4 Bxe4 18. Bxe4 dxe4 19. Ng4 Nd7 20. Nf2 Nf6 21. Rc1 Nd5 22. Qd2 Qd7 23. Rc5 Bf8 24. Rc4 b5 25. Rc5 Bxc5 26. dxc5 f6 27. Qd4 Qe6 28. Ng4 Kg7 29. Rf1 Rf8 30. Nf2 Rae8 31. Rc1 Rf7 32. c6 Rc7 33. Qc5 Rec8 34. Rd1 Rxc6 35. Qxd5 Qxd5 36. Rxd5 Rc2 37. Rd7+ Kg8 38. Bxf6 Rxa2 39. Rg7+ Kf8 40. Rxh7 Rc1+ 41. Kg2 Rcc2 42. Be7+ Ke8 43. Kh3 Rxf2 44. Bc5 Rf7 45. Rh8+ Kd7 46. Bd4 Rf5 47. Rh7+ Kc6 48. Bxa7 Rb2 49. Rg7 Rxb3 50. Rxg6+ Kd5 51. Bd4 Rf3 52. Rg8 Kc4 53. Rc8+ Kd3 54. Rc5 Rxe3 55. Bxe3 Kxe3 56. g4 Kf2+ 57. Kh4 e3 58. g5 e2 59. Rf5+ Rf3 60. Re5 Re3 61. Rf5+ Kg2 62. g6 e1Q+ 63. Kh5 Qe2+ 64. Kh6 Re6 65. Rg5+ Kh1 66. h4 Qe3 67. h5 Re5 68. Kh7 Qxg5 69. g7 Qxh5+ 70. Kg8 Re8# 0-1

[Event "Titled Tuesday intern op 10th Sep Early"]
[Site "Chess,com INT"]
[Date "2024.09.10"]
[Round "8"]
[White "Badelka, Olga"]
[Black "Golubev, Mikhail"]
[Result "0-1"]
[WhiteElo "2430"]
[BlackElo "2461"]
[PlyCount "70"]
[EventDate "2024.09.10"]
[EventType "swiss (blitz)"]
[EventRounds "11"]
[EventCountry "USA"]
[SourceTitle "EXT 2025"]
[Source "ChessBase"]
[SourceDate "2024.10.14"]
[SourceVersion "1"]
[SourceVersionDate "2024.10.14"]
[SourceQuality "1"]

1. Nf3 d6 2. d4 Nf6 3. c4 g6 4. Nc3 Bg7 5. e4 0-0 6. Be2 e5 7. 0-0 h6 8. Re1 Nbd7 9. Rb1 Re8 10. d5 a5 11. Be3 Ng4 12. Bd2 Nc5 13. Bf1 f5 14. Rc1 f4 15. Na4 b6 16. Nxc5 bxc5 17. Qa4 Bd7 18. Qa3 a4 19. Rb1 g5 20. b4 axb3 21. Qxb3 Nf6 22. g3 Rf8 23. Bg2 Nh7 24. Bc3 h5 25. gxf4 Rxf4 26. Bd2 Rf8 27. Rf1 g4 28. Ne1 h4 29. h3 Ng5 30. Bxg5 Qxg5 31. hxg4 Bxg4 32. f3 Bd7 33. Kf2 Qd2+ 34. Kg1 h3 35. Bh1 h2# 0-1

[Event "Titled Tuesday intern op 10th Sep Late"]
[Site "Chess,com INT"]
[Date "2024.09.10"]
[Round "3"]
[White "Golubev, Mikhail"]
[Black "Hughes, Tyler B"]
[Result "1-0"]
[WhiteElo "2461"]
[BlackElo "2252"]
[PlyCount "21"]
[EventDate "2024.09.10"]
[EventType "swiss (blitz)"]
[EventRounds "11"]
[EventCountry "USA"]
[SourceTitle "EXT 2025"]
[Source "ChessBase"]
[SourceDate "2024.10.14"]
[SourceVersion "1"]
[SourceVersionDate "2024.10.14"]
[SourceQuality "1"]

1. e4 c6 2. d4 d5 3. e5 Bf5 4. h4 h5 5. c4 e6 6. Nc3 Ne7 7. Bg5 Nd7 8. Nge2 dxc4 9. Ng3 b5 10. Nge4 f6 11. Nd6# 1-0

[Event "Titled Tuesday intern op 10th Sep Late"]
[Site "Chess,com INT"]
[Date "2024.09.10"]
[Round "5"]
[White "Golubev, Mikhail"]
[Black "Luke Brezmes, Cristofer"]
[Result "1-0"]
[WhiteElo "2461"]
[BlackElo "2110"]
[PlyCount "75"]
[EventDate "2024.09.10"]
[EventType "swiss (blitz)"]
[EventRounds "11"]
[EventCountry "USA"]
[SourceTitle "EXT 2025"]
[Source "ChessBase"]
[SourceDate "2024.10.14"]
[SourceVersion "1"]
[SourceVersionDate "2024.10.14"]
[SourceQuality "1"]

1. e4 d6 2. d4 Nf6 3. Nc3 e5 4. Nf3 Nbd7 5. Bc4 Be7 6. a4 c6 7. 0-0 Qc7 8. Re1 h6 9. h3 g5 10. dxe5 dxe5 11. Nh2 Nf8 12. Ng4 Bxg4 13. hxg4 Ng6 14. g3 Qc8 15. Be2 Qe6 16. Bf3 Rd8 17. Qe2 Bc5 18. a5 a6 19. Na4 Ba7 20. Nb6 Bxb6 21. axb6 Nd7 22. Be3 f6 23. b4 Kf8 24. Kg2 Kg7 25. c4 Qe7 26. c5 Ndf8 27. Red1 Ne6 28. Qa2 Rxd1 29. Rxd1 Rd8 30. Rxd8 Nxd8 31. Be2 Ne6 32. Bxa6 bxa6 33. Qxa6 Ngf8 34. b7 Nd7 35. Qxc6 Nd8 36. Qc7 Nxb7 37. Qxb7 Kf7 38. c6 1-0

[Event "Titled Tuesday intern op 10th Sep Early"]
[Site "Chess,com INT"]
[Date "2024.09.10"]
[Round "10"]
[White "Golubev, Mikhail"]
[Black "Steinberg, Nitzan"]
[Result "0-1"]
[WhiteElo "2461"]
[BlackElo "2554"]
[PlyCount "78"]
[EventDate "2024.09.10"]
[EventType "swiss (blitz)"]
[EventRounds "11"]
[EventCountry "USA"]
[SourceTitle "EXT 2025"]
[Source "ChessBase"]
[SourceDate "2024.10.14"]
[SourceVersion "1"]
[SourceVersionDate "2024.10.14"]
[SourceQuality "1"]

1. e4 c5 2. Nf3 e6 3. d4 cxd4 4. Nxd4 Nc6 5. Nc3 Qc7 6. Be3 a6 7. Bd3 Nf6 8. 0-0 h5 9. h3 Bd6 10. Nf3 Ng4 11. Bd2 Bc5 12. Ne2 b5 13. Bf4 Nge5 14. Nxe5 Nxe5 15. Kh1 Bb7 16. Bh2 d6 17. Qd2 Qe7 18. f3 Rc8 19. b4 Ba7 20. a4 Bc6 21. axb5 axb5 22. Bg1 Bxg1 23. Kxg1 0-0 24. Nd4 Qb7 25. c3 Bd7 26. Ra5 Rc4 27. Rfa1 Nxd3 28. Qxd3 Qc8 29. R1a3 Qb8 30. Ra7 Rd8 31. Ne2 e5 32. Qe3 f6 33. Ng3 Rc7 34. Rxc7 Qxc7 35. Nxh5 Rc8 36. Ng3 Be6 37. Nf1 d5 38. Nd2 d4 39. cxd4 Qc1+ 0-1

[Event "Titled Tuesday intern op 10th Sep Early"]
[Site "Chess,com INT"]
[Date "2024.09.10"]
[Round "7"]
[White "Golubev, Mikhail"]
[Black "Szpar, Milosz"]
[Result "0-1"]
[WhiteElo "2461"]
[BlackElo "2477"]
[PlyCount "66"]
[EventDate "2024.09.10"]
[EventType "swiss (blitz)"]
[EventRounds "11"]
[EventCountry "USA"]
[SourceTitle "EXT 2025"]
[Source "ChessBase"]
[SourceDate "2024.10.14"]
[SourceVersion "1"]
[SourceVersionDate "2024.10.14"]
[SourceQuality "1"]

1. e4 c5 2. Nf3 d6 3. d4 cxd4 4. Nxd4 Nf6 5. Nc3 Nc6 6. Bc4 e6 7. Be3 a6 8. Bb3 Qc7 9. Qe2 Na5 10. g4 Nxb3 11. axb3 Nd7 12. g5 Nc5 13. h4 b6 14. h5 Bb7 15. f3 b5 16. 0-0-0 b4 17. Na4 e5 18. Nf5 Nxa4 19. bxa4 g6 20. hxg6 fxg6 21. Nh4 Qf7 22. Kb1 Be7 23. Rhf1 Rc8 24. b3 0-0 25. Bd2 d5 26. f4 dxe4 27. f5 Qe8 28. f6 Bc5 29. Qc4+ Qf7 30. Qe2 Bd4 31. Ng2 Bd5 32. Bxb4 Bxb3 33. Rxd4 Bxc2+ 0-1

[Event "Titled Tuesday intern op 10th Sep Late"]
[Site "Chess,com INT"]
[Date "2024.09.10"]
[Round "9"]
[White "Gyenes, Mate"]
[Black "Golubev, Mikhail"]
[Result "0-1"]
[WhiteElo "2205"]
[BlackElo "2461"]
[PlyCount "178"]
[EventDate "2024.09.10"]
[EventType "swiss (blitz)"]
[EventRounds "11"]
[EventCountry "USA"]
[SourceTitle "EXT 2025"]
[Source "ChessBase"]
[SourceDate "2024.10.14"]
[SourceVersion "1"]
[SourceVersionDate "2024.10.14"]
[SourceQuality "1"]

1. e4 c5 2. g3 d5 3. exd5 Qxd5 4. Nf3 Nc6 5. Bg2 Qe6+ 6. Kf1 Nf6 7. Nc3 g6 8. d3 Bg7 9. Be3 b6 10. Nb5 Nd5 11. Ng5 Nxe3+ 12. fxe3 Qf6+ 13. Qf3 Kd7 14. Bh3+ e6 15. Qxf6 Bxf6 16. Ne4 Be7 17. Ke2 Bb7 18. Rhf1 f5 19. Nd2 a6 20. Nc3 Bf6 21. Nc4 Kc7 22. e4 Nd4+ 23. Kd1 b5 24. Nd2 Rad8 25. Ne2 Nxe2 26. Kxe2 Bxb2 27. Rab1 Bg7 28. Rbe1 Bh6 29. Kd1 Rhe8 30. exf5 exf5 31. Rxe8 Rxe8 32. Nb3 Kd6 33. Re1 Rxe1+ 34. Kxe1 Bd5 35. Bf1 Bg7 36. Kd1 b4 37. Kc1 Bc3 38. Kb1 Kc6 39. Nc1 Kb6 40. Nb3 a5 41. Nc1 a4 42. Ne2 Be5 43. Ng1 Bd4 44. Ne2 Be3 45. Nc1 Kc6 46. Ne2 Kd6 47. Kb2 Ke5 48. c4 Be6 49. Kc2 Bd4 50. Nf4 Bf7 51. Ne2 g5 52. Nc1 Bh5 53. Be2 Bg6 54. Bd1 h5 55. Kd2 f4 56. gxf4+ gxf4 57. Bf3 h4 58. Ne2 Be3+ 59. Kc2 Bf5 60. Bh5 b3+ 61. axb3 axb3+ 62. Kxb3 Bxd3 63. Kc3 Be4 64. Kb3 f3 65. Nc3 f2 66. Be2 Bg2 67. Nd1 Bd4 68. Nxf2 Bxf2 69. Ka4 Bd4 70. Kb5 Kd6 71. Bg4 Bc6+ 72. Kb6 Bg2 73. h3 Be4 74. Kb5 Bg6 75. Kb6 Bf7 76. Kb5 Be6 77. Bf3 Bxh3 78. Bh1 Bd7+ 79. Kb6 h3 80. Bf3 Bf5 81. Bh1 Bd3 82. Kb5 Bf1 83. Bf3 Bg2 84. Bg4 h2 85. Bf5 h1Q 86. Kb6 Qf1 87. Bd3 Qe1 88. Bf1 Qb4+ 89. Ka7 Qb7# 0-1

[Event "Titled Tuesday intern op 10th Sep Late"]
[Site "Chess,com INT"]
[Date "2024.09.10"]
[Round "8"]
[White "Rangel, Daniel"]
[Black "Golubev, Mikhail"]
[Result "0-1"]
[WhiteElo "2198"]
[BlackElo "2461"]
[PlyCount "62"]
[EventDate "2024.09.10"]
[EventType "swiss (blitz)"]
[EventRounds "11"]
[EventCountry "USA"]
[SourceTitle "EXT 2025"]
[Source "ChessBase"]
[SourceDate "2024.10.14"]
[SourceVersion "1"]
[SourceVersionDate "2024.10.14"]
[SourceQuality "1"]

1. c4 g6 2. g3 Bg7 3. Bg2 e5 4. Nc3 d6 5. e3 Nf6 6. Nge2 0-0 7. 0-0 Re8 8. d3 c6 9. Rb1 d5 10. cxd5 cxd5 11. b3 d4 12. Ne4 Nd5 13. exd4 exd4 14. Bb2 Nc6 15. Qd2 b6 16. Rbc1 Bb7 17. Nf4 Nxf4 18. Qxf4 Ne5 19. Rfd1 Rb8 20. Kh1 f5 21. Ng5 Bxg2+ 22. Kxg2 Qd5+ 23. f3 Bh6 24. h4 Bxg5 25. hxg5 Nxf3 26. Kh3 Rbd8 27. Rc7 Re2 28. Rh1 Nxg5+ 29. Kh4 Qxh1+ 30. Kxg5 Qh5+ 31. Kf6 Rf8+ 0-1

[Event "Titled Tuesday intern op 10th Sep Early"]
[Site "Chess,com INT"]
[Date "2024.09.10"]
[Round "2"]
[White "Soraas, Torben"]
[Black "Golubev, Mikhail"]
[Result "1-0"]
[WhiteElo "2151"]
[BlackElo "2461"]
[PlyCount "67"]
[EventDate "2024.09.10"]
[EventType "swiss (blitz)"]
[EventRounds "11"]
[EventCountry "USA"]
[SourceTitle "EXT 2025"]
[Source "ChessBase"]
[SourceDate "2024.10.14"]
[SourceVersion "1"]
[SourceVersionDate "2024.10.14"]
[SourceQuality "1"]

1. e4 c5 2. Nc3 Nc6 3. g3 g6 4. Bg2 Bg7 5. d3 d6 6. Be3 e6 7. Qd2 Rb8 8. Nge2 Nd4 9. 0-0 Ne7 10. Bh6 Bxh6 11. Qxh6 Nxc2 12. Rac1 Nb4 13. d4 Nd3 14. Rc2 c4 15. Nf4 Nxf4 16. gxf4 Ng8 17. Qg7 Qf6 18. Qxf6 Nxf6 19. Nb5 0-0 20. Rxc4 Nxe4 21. Bxe4 d5 22. Bxd5 exd5 23. Rc7 Bh3 24. Re1 Rfe8 25. Re5 f6 26. Re3 Bg4 27. Nc3 Be6 28. a4 a6 29. a5 b6 30. Rc6 Bd7 31. Rxb6 Rxb6 32. axb6 Rb8 33. Nxd5 Bc6 34. Nxf6+ 1-0